000
00267nam a22001217a 4500
082
_a
823
_b
JOS/W
100
_a
JOSHI, J C
245
_a
WORLD FAMOUS TALES FOR CHILDREN
260
_a
DELHI
_b
S CHAND & CO
300
_a
106
650
_a
ENGLISH STORY
_z
INDIA
942
_c
BK
999
_c
7381
_d
7381